| 000 | 00934nam a2200265 i 4500 | ||
|---|---|---|---|
| 001 | 105513 | ||
| 003 | ES-MaACL | ||
| 005 | 20250512063029.0 | ||
| 007 | t| | ||
| 008 | 060720s1974 fr ||||1| fre d | ||
| 080 | _a329.14(100) | ||
| 080 | _a94(100)"1939/45" | ||
| 100 | 1 |
_aTrotsky, Leon, _d1879-1940 _9240350 |
|
| 245 | 1 | 3 |
_aLa guerre et la révolution : _ble naufrage de la IIe Internationale, les debuts de la IIIe Internationale / _cLeon Trotsky ; traduit du russe par André Oak. |
| 260 |
_aParis : _bTête de Feuilles, _c1974. |
||
| 300 |
_a2 v. ; _c22 cm. |
||
| 490 | 1 | _aArchives et documents | |
| 610 | 2 | 4 |
_aSegunda Internacional. _96542 |
| 610 | 2 | 4 |
_aInternacional Comunista _95260 |
| 650 | 4 |
_aGuerra mundial, 1939-1945. _913228 |
|
| 700 | 1 |
_aOak, André. _986370 |
|
| 830 | 1 |
_aArchives et documents _9232739 |
|
| 852 | 4 |
_aES-MaACL _jAND-300-01 _z- Biblioteca Juan Andrade |
|
| 999 |
_c105513 _d105513 |
||